El ejercicio de los derechos de las personas con discapacidad / (Registro nro. 5758)
[ vista simple ]
| 000 -LEADER | |
|---|---|
| fixed length control field | 01043nab a22002297a 4500 |
| 003 - CONTROL NUMBER IDENTIFIER | |
| control field | OSt |
| 005 - DATE AND TIME OF LATEST TRANSACTION | |
| control field | 20260105145223.0 |
| 008 - FIXED-LENGTH DATA ELEMENTS--GENERAL INFORMATION | |
| fixed length control field | 190514b xxu||||| |||| 00| 0 spa d |
| 040 ## - CATALOGING SOURCE | |
| Transcribing agency | PJ |
| 100 ## - MAIN ENTRY--PERSONAL NAME | |
| 9 (RLIN) | 6672 |
| Personal name | Bernardis, María Anael de |
| 245 13 - TITLE STATEMENT | |
| Title | El ejercicio de los derechos de las personas con discapacidad /<br/> |
| Statement of responsibility, etc | Bernardis, María Anael de |
| 300 ## - PHYSICAL DESCRIPTION | |
| Extent | p. 121-125 |
| 500 ## - GENERAL NOTE | |
| General note | Cita: TR LALEY AR/DOC/879/2025. |
| 505 ## - FORMATTED CONTENTS NOTE | |
| Formatted contents note | Sumario: I. El caso.— II. Primera instancia.— III. Los agravios.— IV. Los argumentos de la solución de la Cámara.— V. Valoración crítica.— VI. Conclusión. |
| 505 ## - FORMATTED CONTENTS NOTE | |
| Title | Fallo comentado: CCiv. y Com., Necochea ~ 01/10/2024 ~ RGE:Ne- 7203- 2023. |
| 650 #0 - SUBJECT ADDED ENTRY--TOPICAL TERM | |
| 9 (RLIN) | 967 |
| Topical term or geographic name as entry element | DERECHO DE FAMILIA |
| 650 #0 - SUBJECT ADDED ENTRY--TOPICAL TERM | |
| 9 (RLIN) | 3271 |
| Topical term or geographic name as entry element | PERSONAS CON DISCAPACIDAD |
| 650 #0 - SUBJECT ADDED ENTRY--TOPICAL TERM | |
| 9 (RLIN) | 2342 |
| Topical term or geographic name as entry element | CAPACIDAD |
| 650 #0 - SUBJECT ADDED ENTRY--TOPICAL TERM | |
| 9 (RLIN) | 1057 |
| Topical term or geographic name as entry element | JURISPRUDENCIA APLICABLE |
| 773 0# - HOST ITEM ENTRY | |
| Host Biblionumber | 2844 |
| Host Itemnumber | 3222 |
| Place, publisher, and date of publication | Buenos Aires : AbeledoPerrot, 1989- |
| Title | Derecho de familia. Revista Interdisciplinaria de doctrina y jurisprudencia. Junio 2025-III. |
| International Standard Book Number | 18511201 |
| 942 ## - ADDED ENTRY ELEMENTS (KOHA) | |
| Source of classification or shelving scheme | |
| Koha item type | Analítica Artículo de Revista |
No hay ítems disponibles.
